Statistics for World Capital Bullseye #11

Click here to take the quiz!

General Stats

  • This quiz has been taken 77 times
  • The average score is 22 of 32

Answer Stats

Capital City% Correct
Cairo
90%
Kinshasa
87%
Abuja
84%
Tunis
83%
Khartoum
80%
Accra
79%
Tripoli
79%
Yaounde
77%
Brazzaville
76%
Lome
73%
Bamako
71%
N'Djamena
71%
Niamey
71%
Lusaka
70%
Sao Tome
70%
Luanda
69%
Windhoek
69%
Libreville
67%
Monrovia
67%
Bangui
66%
Jerusalem
66%
Kigali
66%
Porto-Novo
66%
Ouagadougou
61%
Yamoussoukro
60%
Buenos Aires
54%
MALABO
53%
Montevideo
53%
Lilongwe
51%
Bujumbura
50%
Asuncion
44%
Valletta
44%

Score Distribution

Percentile by Number Answered

Percent of People with Each Score

Your Score History

You have not taken this quiz